CHILDHOOD ORTHOPAEDICS (Record no. 29187)

MARC details
000 -LEADER
fixed length control field 00299nam a22001457a 4500
003 - CONTROL NUMBER IDENTIFIER
control field SGT
082 ## - DEWEY DECIMAL CLASSIFICATION NUMBER
Classification number 618.92
Item number C74V
100 ## - MAIN ENTRY--PERSONAL NAME
Personal name VOLPOR, M.
245 ## - TITLE STATEMENT
Title CHILDHOOD ORTHOPAEDICS
250 ## - EDITION STATEMENT
Edition statement 1ST
260 ## - PUBLICATION, DISTRIBUTION, ETC. (IMPRINT)
Place of publication, distribution, etc MOSCOW
Name of publisher, distributor, etc MIR PUB
Year of Publication 1974
300 ## - PAGE DESCRIPTION
No. of Pages 280
650 ## - SUBJECT ADDED ENTRY--TOPICAL TERM
Topical term or geographic name as entry element ORTHOPAEDICS
942 ## - ADDED ENTRY ELEMENTS (KOHA)
Source of classification or shelving scheme Dewey Decimal Classification
Koha item type Rare Books
Holdings
Withdrawn status Lost status Source of classification or shelving scheme Damaged status Not for loan Collection code Home library Current library Shelving location Date acquired Total Checkouts Full call number Accession No. (Barcode) Date last seen Bill Date Koha item type
    Dewey Decimal Classification   Not For Loan NURSING SGT Medical Library SGT Medical Library Reference Book 20/01/2025   618.92 C74V FN5997 20/01/2025 20/01/2025 Rare Books